000 00294nam a22001337a 4500
008 180903b xxu||||| |||| 00| 0 eng d
020 _a9781439808498
041 _aeng
080 _a521
100 _a42
101 _aAST
245 _aFrom Atoms To Galaxies
_cHassani,S
942 _2udc
_cBK
999 _c47472
_d47472